[Event "XV C.to Union SCIPT"]
[Site "Oporto POR"]
[Date "2007.09.13"]
[Round "5.2"]
[White "Pace, Roberto"]
[Black "Ortoft, Kai"]
[Result "1/2-1/2"]
[WhiteElo "2054"]
[BlackElo "2128"]
[Annotator "ITA-NOR"]
[PlyCount "110"]
[EventDate "2007.09.10"]

1. e4 Nf6 2. Qe2 e5 3. Nf3 Nc6 4. g3 Bc5 5. Bg2 d6 6. c3 O-O 7. O-O h6 8. d3
Be6 9. Nbd2 Qd7 10. Nc4 a5 11. Bd2 a4 12. Nh4 Ne7 13. Kh1 Bh3 14. Ne3 Bxg2+ 15.
Kxg2 Kh7 16. Rad1 d5 17. Nef5 Nxf5 18. Nxf5 Qe6 19. a3 Ng8 20. Bc1 Ne7 21. Nh4
c6 22. Rde1 Bd6 23. Nf3 Ng6 24. h4 f6 25. h5 Ne7 26. Nh4 Rae8 27. g4 Bc7 28.
Rg1 b5 29. Be3 dxe4 30. dxe4 Rd8 31. Rd1 Rxd1 32. Rxd1 Rd8 33. Rxd8 Bxd8 34.
Bc5 Nc8 35. Nf5 Be7 36. Qe3 Nd6 37. Bxd6 Bxd6 38. Qa7 Bf8 39. Qa8 Kg8 40. f3
Qc4 41. Kf2 Kf7 42. Qb7+ Kg8 43. Qc8 Qc5+ 44. Ke2 Kf7 45. Qd7+ Kg8 46. Qe8 Qc4+
47. Kd2 Qc5 48. Qe6+ Kh7 49. Qf7 Qf2+ 50. Kc1 Qxf3 51. Qxf8 Qf1+ 52. Kd2 Qf2+
53. Kd3 Qf1+ 54. Ke3 Qf4+ 55. Kd3 Qf1+ 1/2-1/2

[Event "XV C.to Union SCIPT"]
[Site "Oporto POR"]
[Date "2007.09.13"]
[Round "5.3"]
[White "Lund, Arne-Birger"]
[Black "De Caro, Michele"]
[Result "1-0"]
[WhiteElo "2077"]
[BlackElo "1955"]
[Annotator "ITA-NOR"]
[PlyCount "63"]
[EventDate "2007.09.10"]

1. e4 e5 2. Nf3 Nc6 3. d4 exd4 4. Bc4 Bc5 5. c3 Nf6 6. e5 d5 7. Bb5 Ne4 8. cxd4
Bb6 9. Be3 O-O 10. Nbd2 Be6 11. Rc1 Nxd2 12. Qxd2 Ba5 13. Rc3 Bxc3 14. Qxc3 Ne7
15. Bg5 c6 16. Bd3 Qd7 17. O-O Bf5 18. Be2 h6 19. Bd2 Rac8 20. Nh4 Bg4 21. f3
Bh5 22. g4 Bg6 23. f4 Be4 24. f5 c5 25. f6 cxd4 26. Qh3 Nc6 27. Nf5 Bxf5 28.
Rxf5 Nxe5 29. fxg7 Rfe8 30. Qxh6 Ng6 31. Rh5 f6 32. Qh7+ 1-0

[Event "XV C.to Union SCIPT"]
[Site "Oporto POR"]
[Date "2007.09.13"]
[Round "6.2"]
[White "Staniszewski, Pawel"]
[Black "Rubinato, Cristian"]
[Result "0-1"]
[WhiteElo "2214"]
[BlackElo "1898"]
[Annotator "ITA-POL2"]
[PlyCount "71"]
[EventDate "2007.09.10"]

1. d4 d5 2. Nf3 Bf5 3. c4 e6 4. Nc3 Nf6 5. Bg5 c6 6. e3 Nbd7 7. cxd5 exd5 8.
Bd3 Bg6 9. O-O Be7 10. Bxf6 Bxf6 11. b4 a6 12. a4 Be7 13. Rb1 Bd6 14. Qc2 O-O
15. b5 axb5 16. axb5 Re8 17. Bxg6 hxg6 18. bxc6 bxc6 19. Ne2 Qf6 20. Rb7 Nf8
21. Ng3 Re6 22. Rfb1 Ra6 23. Nd2 Qd8 24. R7b2 Qa8 25. Rb6 Ra2 26. R6b2 Ra4 27.
Nf3 Rc4 28. Qb3 Re7 29. Nd2 Rb4 30. Qc2 Reb7 31. Rxb4 Rxb4 32. Rc1 Rb6 33. Ngf1
Ne6 34. g3 Qa6 35. Nb3 Qa4 36. Rb1 0-1

[Event "XV C.to Union SCIPT"]
[Site "Oporto POR"]
[Date "2007.09.14"]
[Round "7.1"]
[White "Pereira, Fernando"]
[Black "Magalotti, Andrea"]
[Result "0-1"]
[WhiteElo "2189"]
[BlackElo "2112"]
[Annotator "ITA-POR"]
[PlyCount "158"]
[EventDate "2007.09.10"]

1. c4 g6 2. Nc3 Bg7 3. Nf3 Nf6 4. g3 O-O 5. Bg2 d6 6. O-O Nc6 7. d4 a6 8. e4
Rb8 9. Rb1 Bg4 10. h3 Bxf3 11. Bxf3 e5 12. d5 Nd4 13. Bg2 c5 14. dxc6 bxc6 15.
Be3 Nd7 16. Bxd4 exd4 17. Ne2 Qb6 18. b3 Rbe8 19. Nc1 Nc5 20. Re1 a5 21. Nd3
Nxd3 22. Qxd3 Qc5 23. Kh2 Re7 24. Re2 Rb8 25. Reb2 Rb6 26. Bf3 Qa3 27. Bg2 Reb7
28. Bf3 Qb4 29. Bg2 Qc3 30. Bf1 a4 31. Be2 h5 32. h4 Bf6 33. Qd1 Kg7 34. Kg2
Qb4 35. Qd3 Qa3 36. Kh3 Qb4 37. Kg2 Qc3 38. Qd1 Qa5 39. Qd3 Qc5 40. Kh2 Kf8 41.
Kg2 Kg7 42. Kh2 Rb8 43. Kg2 R6b7 44. Kh2 Bd8 45. Rd2 Bf6 46. Rdb2 Qa5 47. Kg2
Qc3 48. Kh2 c5 49. Kg2 Kf8 50. Kh2 Ke7 51. Kg2 Kd8 52. Kh2 Kc8 53. Kg2 Bd8 54.
Qd1 Bf6 55. Qd3 Qxd3 56. Bxd3 Bd8 57. Be2 Ba5 58. Bd1 d3 59. Rc1 d2 60. Rcc2
Kd7 61. Kf1 Ke6 62. Rxd2 Bxd2 63. Rxd2 Rb4 64. Ke2 axb3 65. axb3 Ra8 66. Ke3
Ra3 67. Rd3 Ra2 68. g4 Rb2 69. gxh5 gxh5 70. Bxh5 R4xb3 71. Bg4+ Kf6 72. f4
Rxd3+ 73. Kxd3 Rb3+ 74. Kd2 Rg3 75. Bd7 Rg4 76. h5 Rxf4 77. Ke3 Ke5 78. Bf5 Rh4
79. h6 Rxh6 0-1

[Event "XV C.to Union SCIPT"]
[Site "Oporto POR"]
[Date "2007.09.14"]
[Round "7.2"]
[White "Rubinato, Cristian"]
[Black "Paulino, Jose'"]
[Result "1-0"]
[WhiteElo "1898"]
[BlackElo "2044"]
[Annotator "ITA-POR"]
[PlyCount "63"]
[EventDate "2007.09.10"]

1. d4 Nf6 2. Nf3 g6 3. Bf4 d6 4. e3 Bg7 5. Be2 Nbd7 6. h3 c6 7. c4 Qa5+ 8. Nc3
Ne4 9. Qc2 Nxc3 10. bxc3 e5 11. Bh2 O-O 12. O-O f5 13. Rab1 Qd8 14. Rfd1 Qe7
15. c5 dxc5 16. a4 Kh8 17. a5 f4 18. exf4 exf4 19. Bd3 cxd4 20. cxd4 Qd6 21.
Re1 Nf6 22. Qc5 Qxc5 23. dxc5 Ne8 24. Ne5 Bf5 25. Bxf5 Rxf5 26. Nd3 Rf7 27. Re6
a6 28. Ne5 Bxe5 29. Rxe5 Rd8 30. Ree1 Rfd7 31. g3 f3 32. g4 1-0

[Event "C.to Mondiale U18 femminile"]
[Site "Antalya TUR"]
[Date "2007.11.19"]
[Round "2"]
[White "Chierici, Marianna"]
[Black "Umudova, Nargiz"]
[Result "0-1"]
[WhiteElo "2040"]
[BlackElo "2188"]
[PlyCount "87"]
[EventDate "2007.11.18"]

1. e4 c5 2. c3 d6 3. d4 Nf6 4. dxc5 Nc6 5. f3 d5 6. exd5 Qxd5 7. Qxd5 Nxd5 8.
Bc4 Nc7 9. Ne2 Ne5 10. Na3 a5 11. Bf4 Nxc4 12. Nxc4 Nd5 13. O-O-O Be6 14. Rxd5
Bxd5 15. Nb6 Rd8 16. Bc7 Rd7 17. Nxd7 Kxd7 18. Bxa5 e5 19. b3 Bxc5 20. Rd1 Ke6
21. c4 Bc6 22. Rd8 Rxd8 23. Bxd8 Be3+ 24. Kb2 e4 25. fxe4 Bxe4 26. g3 b6 27.
Bc7 g5 28. Kc3 f5 29. a4 Bf2 30. Kd2 Bc5 31. Bd8 h6 32. h4 g4 33. Bc7 Kd7 34.
Be5 Bb4+ 35. Bc3 Bd6 36. Bd4 Kc6 37. Be3 Bb4+ 38. Kc1 Ba3+ 39. Kd1 Bf8 40. Nf4
Bf3+ 41. Kc2 Be4+ 42. Kc3 Bd6 43. Nh5 Bf8 44. Bf4 0-1

[Event "C.to Mondiale U18 femminile"]
[Site "Antalya TUR"]
[Date "2007.11.20"]
[Round "3"]
[White "Bogdan, Elizaveta"]
[Black "Chierici, Marianna"]
[Result "0-1"]
[WhiteElo "1861"]
[BlackElo "2040"]
[PlyCount "60"]
[EventDate "2007.11.18"]

1. Nf3 Nf6 2. g3 d6 3. Bg2 c6 4. d3 e5 5. O-O Be7 6. e4 O-O 7. c3 Qc7 8. Qc2 b5
9. d4 Nbd7 10. Nbd2 Bb7 11. Nh4 g6 12. Ndf3 Rac8 13. Bh6 Rfd8 14. Bg5 Nf8 15.
Bh3 Rb8 16. Nd2 b4 17. f4 bxc3 18. bxc3 Ne8 19. Ndf3 f6 20. Bh6 c5 21. dxe5
dxe5 22. fxe5 fxe5 23. Ng5 Nd6 24. Ne6 Nxe6 25. Bxe6+ Kh8 26. Rae1 Bxh4 27.
gxh4 Qe7 28. Bb3 Qxh4 29. Qc1 Qg4+ 30. Kh1 Nxe4 0-1

[Event "C.to Mondiale U18 femminile"]
[Site "Antalya TUR"]
[Date "2007.11.21"]
[Round "4"]
[White "Chierici, Marianna"]
[Black "Davletbayeva, Madina"]
[Result "1/2-1/2"]
[WhiteElo "2040"]
[BlackElo "2165"]
[PlyCount "26"]
[EventDate "2007.11.18"]

1. e4 e5 2. Nf3 d6 3. d4 exd4 4. Nxd4 Nf6 5. Nc3 Be7 6. Bc4 O-O 7. f3 c6 8. Nb3
Qc7 9. a3 Re8 10. O-O Na6 11. Rb1 Nc5 12. Na1 a5 13. g4 b5 1/2-1/2

[Event "C.to Mondiale U18 femminile"]
[Site "Antalya TUR"]
[Date "2007.11.22"]
[Round "5"]
[White "Chirivi C., Jenny Astrid"]
[Black "Chierici, Marianna"]
[Result "1-0"]
[WhiteElo "2109"]
[BlackElo "2040"]
[PlyCount "123"]
[EventDate "2007.11.18"]

1. d4 d6 2. c4 e5 3. d5 Be7 4. e4 Nf6 5. Nc3 Nbd7 6. f3 h6 7. Be3 Nh5 8. Nge2
Bg5 9. Bf2 g6 10. h4 Be7 11. Qd2 Nb6 12. g4 Ng7 13. b3 f5 14. gxf5 gxf5 15.
O-O-O fxe4 16. fxe4 Bg4 17. Bh3 h5 18. Rdg1 Qd7 19. Bxg4 hxg4 20. h5 O-O-O 21.
h6 Ne8 22. Ng3 Nf6 23. Nf5 Kb8 24. Bh4 Rdg8 25. Qe2 Qd8 26. Bxf6 Bxf6 27. Rxg4
Bg5+ 28. Kc2 Nd7 29. Qg2 Nf8 30. Rh5 Nh7 31. Ng7 Qf6 32. Ne6 Qf7 33. Rh3 Bf6
34. Rhg3 Re8 35. Nb5 Rc8 36. Qf2 b6 37. Qf5 Rhg8 38. Rg7 Rxg7 39. Rxg7 Qe8 40.
Rxh7 Qg8 41. Ng7 Rf8 42. Qg6 Bd8 43. Kb2 a6 44. Nc3 Ka7 45. Ka3 Rf6 46. Qe8 Rf8
47. Qxf8 Qxf8 48. Ne6 Qf3 49. Na4 Qxe4 50. Rd7 Bf6 51. Rxc7+ Kb8 52. Rf7 Qg6
53. Rf8+ Kb7 54. h7 e4 55. h8=Q Bxh8 56. Rxh8 e3 57. Rh2 b5 58. c5 dxc5 59.
Naxc5+ Kb6 60. Rh8 Qg3 61. Ra8 b4+ 62. Ka4 1-0

[Event "C.to Mondiale U18 femminile"]
[Site "Antalya TUR"]
[Date "2007.11.22"]
[Round "6"]
[White "Chierici, Marianna"]
[Black "Atnilov, Bela"]
[Result "0-1"]
[WhiteElo "2040"]
[BlackElo "2170"]
[PlyCount "97"]
[EventDate "2007.11.18"]

1. e4 e6 2. d3 d5 3. Nd2 c5 4. Ngf3 Nc6 5. g3 Nf6 6. Bg2 Be7 7. O-O O-O 8. Re1
b5 9. e5 Nd7 10. Nf1 a5 11. h4 b4 12. N1h2 a4 13. a3 bxa3 14. bxa3 Rb8 15. Ng4
Qc7 16. Bf4 Ba6 17. Qd2 Qa5 18. Qe2 c4 19. Qe3 cxd3 20. cxd3 Rb3 21. Bf1 Bc5
22. Qc1 Bxd3 23. Bd2 Qa7 24. Bh6 Bg6 25. Bxg7 Bxf2+ 26. Kg2 Kxg7 27. Qh6+ Kh8
28. Nxf2 Rxf3 29. Kxf3 Ncxe5+ 30. Kg2 Qxf2+ 31. Kxf2 Ng4+ 32. Kg1 Nxh6 33. Bb5
Nc5 34. Red1 Rb8 35. Bc6 Rb3 36. Kh2 Ng4+ 37. Kg1 Rxg3+ 38. Kf1 Bd3+ 39. Ke1
Nb3 40. Rxd3 Rxd3 41. Rb1 Re3+ 42. Kd1 Nf2+ 43. Kc2 Nd4+ 44. Kd2 Re2+ 45. Kc3
Nxc6 46. h5 Re3+ 47. Kc2 Nd4+ 48. Kd2 Rd3+ 49. Ke1 0-1

[Event "C.to Mondiale U18 femminile"]
[Site "Antalya TUR"]
[Date "2007.11.25"]
[Round "8"]
[White "Chierici, Marianna"]
[Black "Levy Ortiz, Mireya"]
[Result "1-0"]
[WhiteElo "2040"]
[BlackElo "1910"]
[PlyCount "91"]
[EventDate "2007.11.18"]

1. e4 d5 2. exd5 Nf6 3. d4 Bg4 4. f3 Bf5 5. Bb5+ Nbd7 6. Nc3 a6 7. Ba4 b5 8.
Bb3 Nb6 9. Nge2 Nbxd5 10. Nxd5 Nxd5 11. c3 e6 12. Ng3 Bg6 13. Qe2 Bd6 14. Ne4
Bxe4 15. Qxe4 O-O 16. O-O c5 17. dxc5 Bxc5+ 18. Kh1 Nf6 19. Qh4 Nd5 20. Qh5 g6
21. Qh6 Ne7 22. g4 Kh8 23. Bf4 Ng8 24. Qh3 Be7 25. Rg1 Bf6 26. g5 Bg7 27. Rg4
h5 28. gxh6 Bf6 29. Qg2 Qd3 30. Bc2 Qd5 31. Be4 Qh5 32. Rg3 Rad8 33. Rg1 Ne7
34. Rh3 Qc5 35. Rg3 Rd7 36. Qe2 Rfd8 37. Be3 Qc7 38. Rg4 Nd5 39. Bc1 Ne7 40. h4
Be5 41. Bc2 Nd5 42. h5 Nf4 43. hxg6 Nxe2 44. g7+ Bxg7 45. hxg7+ Kg8 46. Bh7+
1-0

[Event "C.to Mondiale U18 femminile"]
[Site "Antalya TUR"]
[Date "2007.11.26"]
[Round "9"]
[White "Chierici, Marianna"]
[Black "Ivakhinova, Inna"]
[Result "0-1"]
[WhiteElo "2040"]
[BlackElo "2233"]
[PlyCount "104"]
[EventDate "2007.11.18"]

1. e4 c5 2. c3 e6 3. d4 d5 4. exd5 exd5 5. Nf3 Nc6 6. Bb5 Bd6 7. dxc5 Bxc5 8.
O-O Nge7 9. Nbd2 O-O 10. Nb3 Bb6 11. Bd3 Qd6 12. Re1 Ng6 13. Be3 Bxe3 14. Rxe3
Nf4 15. Qd2 Bg4 16. Rae1 Rad8 17. Ne5 Bc8 18. Nf3 Qh6 19. Nfd4 Nxd4 20. Nxd4
Qg5 21. Bf1 Ne6 22. Rd3 Qe7 23. Nf5 Qc5 24. Rxd5 Qc7 25. Rd1 b6 26. Ne3 Bb7 27.
Rd7 Qb8 28. Qc2 Nc5 29. Rxd8 Rxd8 30. Rxd8+ Qxd8 31. Qd1 Qe7 32. Nf5 Qg5 33.
Qd6 h5 34. Ne7+ Kh7 35. Qd8 Qf6 36. Qg8+ Kh6 37. Qh8+ Kg5 38. h4+ Kxh4 39. g3+
Kg5 40. f4+ Kg4 41. Ng8 Qg6 42. Ne7 Qc2 43. Qxg7+ Kf3 44. Qd4 Ne6 45. Qd3+ Qxd3
46. Bxd3 Kxg3 47. f5 Nf4 48. Bc4 h4 49. f6 Be4 50. Bf1 Ne2+ 51. Bxe2 h3 52. Bf3
h2+ 0-1

[Event "C.to Mondiale U18 femminile"]
[Site "Antalya TUR"]
[Date "2007.11.27"]
[Round "10"]
[White "Jule, Alexandra"]
[Black "Chierici, Marianna"]
[Result "0-1"]
[WhiteElo "1896"]
[BlackElo "2040"]
[PlyCount "60"]
[EventDate "2007.11.18"]

1. d4 d5 2. Nf3 e6 3. Bf4 f5 4. e3 Nf6 5. Nbd2 Be7 6. h3 Nbd7 7. g4 Ne4 8. Rg1
g5 9. Be5 O-O 10. Bd3 h6 11. Qe2 c5 12. c4 Nxe5 13. Nxe5 cxd4 14. exd4 Nxd2 15.
Qxd2 dxc4 16. Bxc4 a5 17. O-O-O b5 18. Bb3 a4 19. Bc2 Qd5 20. Kb1 Rd8 21. gxf5
exf5 22. f4 Be6 23. b3 Ra7 24. fxg5 hxg5 25. h4 axb3 26. Bxb3 Qe4+ 27. Kb2 Bxb3
28. Rxg5+ Kf8 29. Rg8+ Kxg8 30. Rg1+ Kh7 0-1

[Event "C.to Mondiale U18"]
[Site "Antalya TUR"]
[Date "2007.11.18"]
[Round "1"]
[White "Vocaturo, Daniele"]
[Black "Musovic, Armin"]
[Result "1/2-1/2"]
[WhiteElo "2443"]
[BlackElo "2092"]
[PlyCount "86"]
[EventDate "2007.11.18"]

1. e4 c6 2. c4 e6 3. Nc3 Bb4 4. Nf3 Ne7 5. a3 Ba5 6. b4 Bc7 7. Bb2 a5 8. d4
axb4 9. axb4 Rxa1 10. Bxa1 d5 11. Qb1 O-O 12. Bd3 f5 13. exd5 exd5 14. O-O Nd7
15. cxd5 cxd5 16. Re1 Nf6 17. Ne5 Ne4 18. Ne2 Nc6 19. f3 Bxe5 20. fxe4 Bxh2+
21. Kxh2 Qh4+ 22. Kg1 fxe4 23. g3 Qg5 24. Qc1 Qxc1 25. Nxc1 exd3 26. Nxd3 Rf3
27. Nf4 Rxg3+ 28. Kf2 Ra3 29. Nxd5 Be6 30. Nc7 Nxb4 31. Rxe6 Nd3+ 32. Kg1 Rxa1+
33. Kh2 Rc1 34. Re7 h5 35. Ne6 Rc6 36. Rxg7+ Kh8 37. Rg5 h4 38. Kh3 Nb4 39. Nf4
Rh6 40. Re5 Rf6 41. Re8+ Kh7 42. Re4 Nd3 43. Re7+ Kh6 1/2-1/2

[Event "C.to Mondiale U18"]
[Site "Antalya TUR"]
[Date "2007.11.20"]
[Round "3"]
[White "Vocaturo, Daniele"]
[Black "Gallego Alcaraz, Andres Felipe"]
[Result "1/2-1/2"]
[WhiteElo "2443"]
[BlackElo "2271"]
[PlyCount "38"]
[EventDate "2007.11.18"]

1. e4 c5 2. Nf3 Nc6 3. d4 cxd4 4. Nxd4 Nf6 5. Nc3 d6 6. Bc4 Qb6 7. Nb3 e6 8.
Bf4 Ne5 9. Be2 a6 10. Be3 Qc7 11. f4 Nc4 12. Bxc4 Qxc4 13. Qf3 Qc7 14. O-O-O b5
15. a3 Bb7 16. f5 Rc8 17. Rd2 d5 18. exd5 exd5 19. Qf4 Ne4 1/2-1/2

[Event "C.to Mondiale U18"]
[Site "Antalya TUR"]
[Date "2007.11.22"]
[Round "5"]
[White "Vocaturo, Daniele"]
[Black "Zaslavsky, Mikhail"]
[Result "1-0"]
[WhiteElo "2443"]
[BlackElo "2241"]
[PlyCount "214"]
[EventDate "2007.11.18"]

1. e4 c5 2. a3 g6 3. b4 Bg7 4. Nc3 d6 5. g3 Nc6 6. Rb1 e6 7. h4 h5 8. Bg2 Nh6
9. Nge2 O-O 10. O-O b6 11. d3 Bb7 12. Bg5 Qd7 13. Bh3 Ne5 14. f3 Kh7 15. Qd2
Rae8 16. Nd1 Qc7 17. Ne3 d5 18. bxc5 bxc5 19. Rb5 d4 20. Ng2 c4 21. dxc4 Ba6
22. Qa5 Qxc4 23. Qxa6 Qxe2 24. Ne1 Rb8 25. Ra5 d3 26. Bxh6 Kxh6 27. f4 Rb6 28.
Qxa7 Nc6 29. Qxb6 Bd4+ 30. Qxd4 Nxd4 31. cxd3 Nb3 32. Rb5 Nd2 33. Rb2 Nf3+ 34.
Nxf3 Qxb2 35. f5 exf5 36. exf5 gxf5 37. Bxf5 f6 38. Rf2 Qxa3 39. Kg2 Qc5 40.
Nd2 Qd4 41. Be4 Rc8 42. Nf3 Qd6 43. Ng1 Rc1 44. Nh3 Qb4 45. Rxf6+ Kg7 46. Rg6+
Kf8 47. Nf4 Qd2+ 48. Kh3 Rc2 49. Rf6+ Ke7 50. Nxh5 Qh2+ 51. Kg4 Rc5 52. Rf3 Rc8
53. Nf6 Kd6 54. Rf5 Rf8 55. Bf3 Rf7 56. Ne4+ Ke7 57. Re5+ Kd8 58. Ng5 Rd7 59.
Re2 Qg1 60. Ne6+ Kc8 61. Ra2 Ra7 62. Rc2+ Kd7 63. Nf4 Qf1 64. h5 Ra6 65. Rc5
Rf6 66. Rg5 Qf2 67. Be4 Kd6 68. Rd5+ Ke7 69. Rg5 Kd6 70. Rd5+ Ke7 71. Ra5 Rh6
72. Rb5 Kd6 73. Rd5+ Kc7 74. Rf5 Qh2 75. Kg5 Rh8 76. Rf7+ Kd6 77. Rf6+ Kc5 78.
g4 Kd4 79. h6 Ke3 80. h7 Rxh7 81. Bxh7 Qxh7 82. Re6+ Kf3 83. Ng6 Qg7 84. Re7
Qd4 85. Nh4+ Kf2 86. Rf7+ Ke2 87. Nf5 Qxd3 88. Kh5 Qd5 89. Kg6 Kf3 90. g5 Qe6+
91. Rf6 Qg8+ 92. Kh5 Qh8+ 93. Nh6+ Kg3 94. Rf7 Qe8 95. Nf5+ Kh3 96. g6 Qe6 97.
Kg5 Kg2 98. Rf6 Qc8 99. g7 Kh3 100. Kg6 Qe8+ 101. Kh7 Qd7 102. Rh6+ Kg4 103.
Kh8 Kxf5 104. g8=Q Qd4+ 105. Qg7 Qd8+ 106. Kh7 Ke4 107. Qg6+ Ke5 1-0

[Event "C.to Mondiale U18"]
[Site "Antalya TUR"]
[Date "2007.11.22"]
[Round "6"]
[White "Volodin, Aleksandr"]
[Black "Vocaturo, Daniele"]
[Result "0-1"]
[WhiteElo "2373"]
[BlackElo "2443"]
[PlyCount "82"]
[EventDate "2007.11.18"]

1. d4 Nf6 2. c4 g6 3. Nc3 Bg7 4. e4 d6 5. Be2 O-O 6. Bg5 Na6 7. Qd2 e5 8. d5 c6
9. h4 cxd5 10. cxd5 Bd7 11. f3 Qa5 12. Nb5 Nb4 13. Nxd6 Nc2+ 14. Kd1 Qxd2+ 15.
Kxd2 Nxa1 16. Nh3 Bxh3 17. gxh3 Rfd8 18. Nc4 h6 19. Bxf6 Bxf6 20. Rxa1 h5 21.
Na5 Rd7 22. Ke3 Bxh4 23. f4 exf4+ 24. Kxf4 Bf6 25. Rd1 Rad8 26. Nc4 Bg7 27. Bf3
Re8 28. a4 f6 29. b3 Bh6+ 30. Kg3 Bf8 31. d6 Kg7 32. Kf4 Re6 33. e5 fxe5+ 34.
Ke3 e4 35. Bxe4 Bxd6 36. Rd5 Kf6 37. Kf3 Ke7 38. Rg5 Rd8 39. Rxg6 Rf8+ 40. Ke3
Bc5+ 41. Kd3 Rd8+ 0-1

[Event "C.to Mondiale U18"]
[Site "Antalya TUR"]
[Date "2007.11.24"]
[Round "7"]
[White "Vocaturo, Daniele"]
[Black "Grigoryan, Avetik"]
[Result "0-1"]
[WhiteElo "2443"]
[BlackElo "2489"]
[PlyCount "83"]
[EventDate "2007.11.18"]

1. e4 e6 2. Nf3 d5 3. Nc3 Nf6 4. e5 Nfd7 5. d4 c5 6. dxc5 Nc6 7. Bf4 Nxc5 8. a3
Be7 9. b4 Nd7 10. Nb5 g5 11. Nxg5 Bxg5 12. Nd6+ Kf8 13. Nxf7 Kxf7 14. Qh5+ Kg8
15. Bxg5 Qf8 16. f4 h6 17. Qg6+ Qg7 18. Qxe6+ Qf7 19. Qxf7+ Kxf7 20. Bh4 Nb6
21. Bd3 Nc4 22. Bxc4 dxc4 23. O-O-O Rg8 24. Rd6 Rxg2 25. b5 Ne7 26. Rf6+ Ke8
27. e6 Ng8 28. Rf5 Rg4 29. Bg3 Rg6 30. Rd1 Bxe6 31. Re5 Ne7 32. Rd6 Kf7 33. Bh4
c3 34. Be1 Rc8 35. Rd3 Bf5 36. Rxc3 Rxc3 37. Bxc3 Re6 38. Rc5 Re2 39. Bd2 Ke6
40. c4 Rxh2 41. Re5+ Kf6 42. Re6+ 0-1

[Event "C.to Mondiale U18"]
[Site "Antalya TUR"]
[Date "2007.11.25"]
[Round "8"]
[White "Kvon, Andrey"]
[Black "Vocaturo, Daniele"]
[Result "1/2-1/2"]
[WhiteElo "2360"]
[BlackElo "2443"]
[PlyCount "149"]
[EventDate "2007.11.18"]

1. e4 e5 2. Nf3 Nc6 3. Bb5 a6 4. Ba4 Nf6 5. O-O Nxe4 6. d4 b5 7. Bb3 d5 8. dxe5
Be6 9. Nbd2 Nc5 10. c3 d4 11. Ng5 Qxg5 12. Qf3 Bd7 13. Bxf7+ Ke7 14. Ne4 Qf5
15. Nxc5 Qxf3 16. gxf3 Kxf7 17. Nxd7 Be7 18. cxd4 Nxd4 19. Be3 Nxf3+ 20. Kg2
Nh4+ 21. Kh3 Ke6 22. Nc5+ Bxc5 23. Bxc5 Nf5 24. a4 Rhd8 25. b4 Kxe5 26. Ra3
Rac8 27. Re1+ Kf6 28. Rc1 Re8 29. f3 Re6 30. Rd3 h5 31. Rd5 bxa4 32. Bd4+ Nxd4
33. Rxd4 Kg6 34. Kg3 Rf6 35. Ra1 c5 36. bxc5 Rxc5 37. Rdxa4 Rcc6 38. Ra5 Kh6
39. R1a2 Rb6 40. R5a4 Rbc6 41. Ra5 g6 42. R2a3 Rb6 43. R5a4 Kg7 44. Rc4 Rbc6
45. Rxc6 Rxc6 46. h4 Rf6 47. Kf2 Kf7 48. Ke3 Ke7 49. Ra2 Kd7 50. Ra1 Kc7 51.
Ke4 Kd6 52. Rb1 Kc5 53. Ra1 Kb4 54. Rb1+ Kc3 55. Ra1 Kb3 56. Ke3 Kb4 57. Rb1+
Ka5 58. Ra1+ Kb6 59. Rb1+ Kc6 60. Ra1 Kc7 61. Ke4 Kd7 62. Ke3 Rf8 63. Rg1 Rg8
64. Ra1 Ra8 65. Rg1 a5 66. Rxg6 a4 67. Rg1 Kc6 68. Kd4 Kd6 69. Kc3 Rf8 70. Rg5
Rxf3+ 71. Kb2 Rf2+ 72. Ka3 Rf3+ 73. Ka2 Rf2+ 74. Ka3 Rf3+ 75. Ka2 1/2-1/2

[Event "C.to Mondiale U18"]
[Site "Antalya TUR"]
[Date "2007.11.26"]
[Round "9"]
[White "Vocaturo, Daniele"]
[Black "Lintchevski, Daniil"]
[Result "1-0"]
[WhiteElo "2443"]
[BlackElo "2445"]
[PlyCount "49"]
[EventDate "2007.11.18"]

1. d4 d5 2. Bf4 c5 3. e3 Nc6 4. c3 Nf6 5. Nd2 cxd4 6. exd4 g6 7. Bd3 Bg7 8.
Ngf3 O-O 9. h3 Bd7 10. Qe2 Qc8 11. g4 h5 12. Ne5 hxg4 13. hxg4 Bxg4 14. Qe3 Nh5
15. Bh6 Nxe5 16. dxe5 Qe6 17. Bxg7 Kxg7 18. Nb3 f6 19. f3 Bh3 20. O-O-O fxe5
21. Nc5 Qc8 22. Qxe5+ Rf6 23. Qxe7+ Kh8 24. Rdg1 b6 25. Bxg6 1-0

[Event "C.to Mondiale U18"]
[Site "Antalya TUR"]
[Date "2007.11.27"]
[Round "10"]
[White "Howell, David W.L."]
[Black "Vocaturo, Daniele"]
[Result "1-0"]
[WhiteElo "2527"]
[BlackElo "2443"]
[PlyCount "113"]
[EventDate "2007.11.18"]

1. e4 e5 2. Nf3 Nc6 3. Bc4 Nf6 4. d3 h6 5. c3 d6 6. Bb3 g6 7. Nbd2 Bg7 8. Nf1
O-O 9. Ng3 Qe7 10. h4 Bg4 11. Be3 Na5 12. Bc2 d5 13. b4 d4 14. Bc1 Nc6 15. b5
Nd8 16. cxd4 exd4 17. a4 c5 18. Bb3 Ne6 19. Qc2 Bxf3 20. gxf3 h5 21. f4 Nc7 22.
Kf1 Kh7 23. f5 Ng4 24. Bg5 Qd6 25. Rg1 b6 26. Qe2 Bf6 27. Bd2 Bxh4 28. Rh1 Qe7
29. Kg2 Kg7 30. Rxh4 Qxh4 31. Rh1 Qe7 32. Nxh5+ gxh5 33. Rxh5 Nf6 34. Bh6+ Kg8
35. Qf3 Nxh5 36. Qg4+ Kh8 37. Qxh5 f6 38. Bxf8+ Qh7 39. Bh6 Ne8 40. f4 Nd6 41.
Qh4 Rf8 42. Bd5 Ne8 43. Kh3 Rf7 44. Kg4 Re7 45. Kf3 Rc7 46. Ke2 Re7 47. Kf2 Rc7
48. Kf3 Re7 49. Bc6 Kg8 50. Kf2 Nc7 51. Qxf6 Qf7 52. Qg6+ Kh8 53. Bg5 Qa2+ 54.
Kf3 Rf7 55. Bf6+ Rxf6 56. Qxf6+ Kh7 57. Qe7+ 1-0

[Event "C.to Mondiale U18"]
[Site "Antalya TUR"]
[Date "2007.11.28"]
[Round "11"]
[White "Vocaturo, Daniele"]
[Black "Kasyan, Aleksandr"]
[Result "1-0"]
[WhiteElo "2443"]
[BlackElo "2318"]
[PlyCount "41"]
[EventDate "2007.11.18"]

1. e4 e6 2. Nf3 d5 3. Nc3 Nf6 4. e5 Nfd7 5. d4 c5 6. dxc5 Nc6 7. Bf4 Bxc5 8.
Bd3 f6 9. exf6 Qxf6 10. Bg3 O-O 11. O-O a6 12. Qe2 b5 13. Bh4 Nd4 14. Nxd4 Qxh4
15. Qxe6+ Kh8 16. Nf5 Qg5 17. Qxd5 Rb8 18. Nd6 Bxd6 19. Qxd6 Rb6 20. Qg3 Qh5
21. Rae1 1-0

[Event "C.to Mondiale U16 femminile"]
[Site "Antalya TUR"]
[Date "2007.11.18"]
[Round "1"]
[White "Eric, Jovana"]
[Black "Beltrami, Chiara"]
[Result "1-0"]
[WhiteElo "2094"]
[BlackElo "1608"]
[PlyCount "41"]
[EventDate "2007.11.18"]

1. e4 e5 2. Nf3 d6 3. d4 Nd7 4. Nc3 c6 5. Bc4 Be7 6. O-O Ngf6 7. Re1 b5 8. Bb3
O-O 9. Bg5 a6 10. a3 Qc7 11. Nb1 exd4 12. Nxd4 Nc5 13. Nxc6 Nxb3 14. Nxe7+ Qxe7
15. cxb3 Bb7 16. Nc3 Qe5 17. Bh4 Rad8 18. Bg3 Qc5 19. Rc1 Qb6 20. Bh4 d5 21. e5
1-0

[Event "C.to Mondiale U16 femminile"]
[Site "Antalya TUR"]
[Date "2007.11.18"]
[Round "1"]
[White "Reginato, Sabrina"]
[Black "Skinke, Katrina"]
[Result "0-1"]
[WhiteElo "1752"]
[BlackElo "2166"]
[PlyCount "74"]
[EventDate "2007.11.18"]

1. e4 d6 2. d4 Nf6 3. Nc3 g6 4. f4 Bg7 5. Nf3 O-O 6. Be3 b6 7. Bd3 Bb7 8. O-O
c5 9. d5 Na6 10. a3 Nc7 11. Qd2 Ng4 12. Rae1 a6 13. Nd1 b5 14. c4 bxc4 15. Bxc4
Nb5 16. Bxb5 axb5 17. h3 Nxe3 18. Nxe3 Ra4 19. Ng4 b4 20. axb4 Rxb4 21. e5 Qb6
22. Rf2 Bc8 23. Kh2 Rd8 24. Ng5 Rd4 25. Qc2 Bf5 26. Qe2 h6 27. Nf3 Re4 28. Qd2
Rxe1 29. Nxe1 dxe5 30. fxe5 Bxg4 31. hxg4 Bxe5+ 32. Kh1 Kg7 33. g5 hxg5 34.
Qxg5 Rh8+ 35. Kg1 Bd4 36. Nd3 Bxf2+ 37. Nxf2 Qxb2 0-1

[Event "C.to Mondiale U16 femminile"]
[Site "Antalya TUR"]
[Date "2007.11.20"]
[Round "3"]
[White "Hamza, Amira"]
[Black "Beltrami, Chiara"]
[Result "1-0"]
[WhiteElo "1961"]
[BlackElo "1608"]
[PlyCount "55"]
[EventDate "2007.11.18"]

1. d4 d5 2. c4 e6 3. Nc3 c6 4. Nf3 Nf6 5. Bg5 Nbd7 6. e3 Qa5 7. Bxf6 Nxf6 8.
Nd2 Bb4 9. Qc2 O-O 10. Bd3 Bxc3 11. bxc3 Re8 12. Nb3 Qc7 13. cxd5 exd5 14. h3
Ne4 15. O-O Qe7 16. c4 Qg5 17. Kh2 f5 18. cxd5 cxd5 19. Nc5 b6 20. Nxe4 fxe4
21. Bb5 Re7 22. Rac1 Bb7 23. Qb3 Rf8 24. Bc6 Bxc6 25. Rxc6 Ref7 26. Rg1 Rf6 27.
Qb5 Qf5 28. Rxf6 {...} 1-0

[Event "C.to Mondiale U16 femminile"]
[Site "Antalya TUR"]
[Date "2007.11.20"]
[Round "3"]
[White "Reginato, Sabrina"]
[Black "Parmar, Amisha"]
[Result "1/2-1/2"]
[WhiteElo "1752"]
[BlackElo "2007"]
[PlyCount "50"]
[EventDate "2007.11.18"]

1. e4 c5 2. Nf3 d6 3. d4 cxd4 4. Nxd4 Nf6 5. Nc3 g6 6. Be2 Bg7 7. O-O O-O 8.
Bg5 Nc6 9. Nb3 Be6 10. f4 b5 11. f5 Bxb3 12. Bxf6 Bxc2 13. Qxc2 Bxf6 14. Nxb5
Nd4 15. Nxd4 Qb6 16. Kh1 Bxd4 17. Rab1 Rac8 18. Qd2 Rc7 19. Rf3 Rfc8 20. Rb3
Qc5 21. Bd1 Qe5 22. Qd3 d5 23. fxg6 hxg6 24. Rb4 Bc5 25. Ra4 25... Bd6 {...}
1/2-1/2